Trh bude potrebovať odvykaciu kúru akú úlohu zohrával a bude zohrávať rating pri investičných zámeroch

Snaha vlád o reguláciu ratingových agentúr. Zistenie úverovej bonity emitenta nezávislou agentúrou. Rating a finančný trh. Americká komisia pre cenné papiere SEC. Slovenskí správcovia aktív a vlastné analýzy. Úloha ratingu v zákone.

Enregistré dans:
Détails bibliographiques
Auteur principal: Škriniar, Pavel, 1979-
Format: Chapitre de livre
Langue:slovaque
Sujets:
Tags: Ajouter un tag
Pas de tags, Soyez le premier à ajouter un tag!

MARC

LEADER 00000naa$a2200000$$$4500
001 0107487
005 20240502072203.0
041 0 |a slo 
044 |a SK 
245 1 0 |a Trh bude potrebovať odvykaciu kúru  |b akú úlohu zohrával a bude zohrávať rating pri investičných zámeroch  |c Pavel Škriniar 
520 |a Snaha vlád o reguláciu ratingových agentúr. Zistenie úverovej bonity emitenta nezávislou agentúrou. Rating a finančný trh. Americká komisia pre cenné papiere SEC. Slovenskí správcovia aktív a vlastné analýzy. Úloha ratingu v zákone. 
610 2 0 |a rating 
610 2 0 |a trh finančný 
610 2 0 |a výnosy 
610 2 0 |a indexy burzové 
610 2 0 |a investície 
610 2 0 |a modely 
610 2 0 |a emitenti 
610 2 0 |a agentúry 
100 1 |a Škriniar, Pavel, 1979-